LEADER 01433nam a2200289 u 4500 001 000000007819 003 CaOOAMICUS 005 20070226105027.0 008 941010s1930 gw a u000 u ger u 035 $a10204165 040 $aMiU$bita$dMiU$dPUL(R) 082 $a937.09 100 1 $aRehm, Walther,$d1901-1963.$0(OLS)http://pul/name/7796 245 14$aDer Untergang Roms im abendländischen Denken; :$bein Beitrag zur Geschichte der Geschichtsschreibung und zum Dekadenzproblem /$cvon Walther Rehm. 260 $aLeipzig :$bDieterich,$c1930. 300 $aviii, 176 p., [1] c. di tav. :$bill. ;$c23 cm 490 1 $aDas Erbe der Alten.$a2. Reihe ;$vHft. 18 651 0$aRome$xHistory$yEmpire, 284-476.$2//eng$0(OLS)http://pul/subject/5997 651 0$aRome$xHistoriography.$2//eng$0(OLS)http://pul/subject/3632 830 4$aDas Erbe der Alten.$n2. Reihe ;$vHft. 18.$0(OLS)http://pul/title/11391 850 $aPUL 852 $aPUL$W1$xDP1 Fondo Maccarrone$y58$m1520 D 32$j11081$nBK-PRI$b $qFondi$B11081$CPULBib$Z2$F11081 $H $81 941 1 $a1 961 $aINV: 5163 F. Maccarrone 996 $6082$a937.09$9(OLS)http://pul/classification/204 996 $6245$aDer Untergang Roms im abendländischen Denken; :$bein Beitrag zur Geschichte der Geschichtsschreibung und zum Dekadenzproblem$9(OLS)http://pul/title/11390 996 $6260$aLeipzig :$bDieterich$9(OLS)http://pul/publisher/50914 LEADER 00999naa a2200229 u 4500 001 000000093899 003 CaOOAMICUS 005 20070226130136.0 008 010720m19801981fr u000 u eng u 035 $a10897963 040 $aPUL(R)$bita 100 1 $aJakubowski, Jerzy,$d1930-$0(OLS)http://pul/name/60388 245 10$aSome legal aspects of industrial co-operation in East-West relations /$cby J. Jakubowski. 260 $a[S. l. :$bs. n.],$c1980-1981. 300 $aP. [247-309] 504 $aBibliografia in nota. 650 4$aDiritto internazionale.$0(OLS)http://pul/subject/2505 650 4$aDiritto commerciale internazionale.$0(OLS)http://pul/subject/25158 773 0 $tRecueil des cours$gv.II (1979) 773 0 $tRecueil des cours 1979 : collected courses of The Hague Academy of International Law$w()60371 996 $6245$aSome legal aspects of industrial co-operation in East-West relations$9(OLS)http://pul/title/120753 996 $6260$a[S. l. :$bs. n.]$9(OLS)http://pul/publisher/47882